00540nam a2200205Ia 4500003000400000005001700004008004100021020001500062040001800077041000800095082002400103100002100127245005000148250000900198260004400207300002600251650002200277650001900299650001600318OSt20220813111130.0210716s2003 xx 000 0 und d a8120322584 cAIMIT LIBRARY aeng a574.80285 21bBERB aBergeron, Bryan. aBionformatics computing /cBy Bryan Bergeron. a1st  aNew Delhi :bPearson Education ,c2003. axxii, 439p. ;c23 cm. aThe central dogma aSearch engines aData mining